| 000 | 00719nam a22002417a 4500 | ||
|---|---|---|---|
| 001 | 3575 | ||
| 003 | FISKH | ||
| 005 | 20240321145658.0 | ||
| 008 | 240321b cb ||||| |||| 00| 0 eng d | ||
| 040 |
_aFISK _beng _cFISK _dFISK |
||
| 050 | _aPZ7.J629 | ||
| 082 | _a362.734 | ||
| 100 |
_aJohnson Angela _d1982- |
||
| 245 | _aHeaven / | ||
| 260 |
_aNew York : _bScholastic, _c1999 |
||
| 300 |
_a138 pages : _c20 cm |
||
| 505 | _aM | ||
| 520 | _aFourteen-year-old Marley's seemingly perfect life in the small town of Heaven is disrupted when she discovers that her father and mother are not her real parents. | ||
| 521 | 8 |
_a790 _bLexile |
|
| 700 | _aAngela Johnson | ||
| 942 |
_2ddc _cBK _n0 |
||
| 999 |
_c3575 _d3575 |
||